000 00794 a2200229 4500
999 _c2593
_d2593
020 _a9780199582716 (hbk.)
020 _a0199582718 (hbk.)
050 0 0 _aHV9346 APP 2010
100 1 _aAppleton, Catherine.
245 1 0 _aLife after life imprisonment /
_cCatherine A. Appleton.
264 _aOxford
_bOxford University Press
_c2010
300 _axx, 252 p. :
_bill. ;
440 0 _aClarendon studies in criminology
500 _aImprisonment
504 _aIncludes bibliographical references (p. [217]-243) and index.
650 0 _aLife imprisonment
650 0 _aParole
650 0 _aEx-convicts
_xSocial conditions
650 0 _aCriminal justice, Administration of
_xDecision making.
942 _2lcc
_cBK
_h9346
_iAPP
_kHV